[Event "CUB-ch 60th"]
[Site "Holguin"]
[Date "2024.02.14"]
[Round "10"]
[White "Garcia Matos, Richard Alejandro"]
[Black "Perez Rodriguez, Cesar Alejandro"]
[Result "1-0"]
[WhiteElo "2315"]
[BlackElo "2331"]
[PlyCount "77"]
[EventDate "2024.02.05"]
[EventType "swiss"]
[EventRounds "10"]
[EventCountry "CUB"]
[SourceTitle "CB10_2024"]
[SourceDate "2024.03.06"]
[SourceVersion "1"]
[SourceVersionDate "2024.03.06"]
[SourceQuality "1"]

1. Nf3 Nf6 2. b3 c5 3. Bb2 Nc6 4. e3 g6 5. d4 cxd4 6. Nxd4 Bg7 7. Be2 0-0 8. c4 b6 9. 0-0 Bb7 10. Bf3 Qc7 11. Nc3 Rad8 12. Nd5 Qb8 13. Rc1 Rfe8 14. Re1 Nxd5 15. Bxd5 Qa8 16. h3 Nb4 17. Bxb7 Qxb7 18. Qd2 Na6 19. e4 Nc5 20. Qe2 d6 21. Rcd1 a6 22. Ba1 Rb8 23. Nf3 Bxa1 24. Rxa1 b5 25. e5 bxc4 26. Qxc4 Ne6 27. exd6 exd6 28. Rad1 Rec8 29. Qd3 Rd8 30. Nd4 Nc5 31. Qg3 Ne4 32. Qf4 d5 33. f3 Nc3 34. Rc1 Rbc8 35. Qf6 Nxa2 36. Rxc8 Qxc8 37. Nc6 Re8 38. Re7 Rf8 39. Ra7 1-0

[Event "CUB-ch 60th"]
[Site "Holguin"]
[Date "2024.02.07"]
[Round "3"]
[White "Albornoz Cabrera, Carlos Daniel"]
[Black "Garcia Matos, Richard Alejandro"]
[Result "1-0"]
[WhiteElo "2603"]
[BlackElo "2315"]
[PlyCount "135"]
[EventDate "2024.02.05"]
[EventType "swiss"]
[EventRounds "10"]
[EventCountry "CUB"]
[SourceTitle "CB10_2024"]
[SourceDate "2024.03.06"]
[SourceVersion "1"]
[SourceVersionDate "2024.03.06"]
[SourceQuality "1"]

1. e4 c6 2. d4 d5 3. e5 c5 4. c3 Nc6 5. Be2 cxd4 6. cxd4 Bf5 7. Nc3 e6 8. Be3 Nge7 9. g4 Be4 10. f3 Bg6 11. f4 Nc8 12. h4 h6 13. h5 Bh7 14. Bd3 Nb6 15. Bxh7 Rxh7 16. b3 Ba3 17. Nge2 a6 18. Qd3 Rh8 19. f5 Qd7 20. fxe6 fxe6 21. Qg6+ Qf7 22. Qxf7+ Kxf7 23. 0-0+ Ke8 24. Rad1 Rc8 25. Nf4 Nd8 26. Nb1 Bb4 27. Ng6 Rg8 28. Rf2 Nd7 29. Rdf1 Nf8 30. Nf4 Be7 31. Nh3 Nh7 32. Rc1 Rxc1+ 33. Bxc1 Rf8 34. Rxf8+ Kxf8 35. Kf2 Nc6 36. Be3 Bd8 37. Ng1 Kf7 38. Nf3 Nf8 39. Nc3 Nd7 40. Ke2 Ba5 41. Nd1 Bb6 42. Kd2 Nb4 43. a3 Nc6 44. Nf2 Na5 45. Kc3 Bd8 46. Nd3 Be7 47. a4 Nc6 48. g5 hxg5 49. Bxg5 b6 50. Nf4 Nf8 51. Bxe7 Kxe7 52. b4 b5 53. a5 Kf7 54. Nd3 Nd7 55. Nd2 Nd8 56. Nb3 Nb7 57. Kd2 Ke7 58. Ke3 Kf7 59. Kf4 Nb8 60. Nbc5 Nd8 61. Kf3 Ndc6 62. Ke3 Ke7 63. Nf4 Nd8 64. Kf3 Kf7 65. Nh3 Ke8 66. Ng5 Ke7 67. Ke3 Nd7 68. Nxa6 1-0

[Event "Guillermo Garcia Memorial-B"]
[Site "Santa Clara"]
[Date "2022.05.04"]
[Round "5"]
[White "Garcia Matos, Richard Alejandro"]
[Black "Campos Gomez, Manuel"]
[Result "1/2-1/2"]
[WhiteElo "2330"]
[BlackElo "2292"]
[PlyCount "105"]
[EventDate "2022.04.30"]
[EventType "tourn"]
[EventRounds "9"]
[EventCountry "CUB"]
[EventCategory "3"]
[SourceTitle "CBM 208 Extra"]
[Source "ChessBase"]
[SourceDate "2022.07.31"]
[SourceVersion "1"]
[SourceVersionDate "2022.07.31"]
[SourceQuality "1"]

1. e4 c5 2. Nf3 e6 3. g3 d5 4. exd5 exd5 5. d4 Nf6 6. Bg2 Be7 7. 0-0 0-0 8. dxc5 Bxc5 9. Nbd2 Nc6 10. Nb3 Bb6 11. Nfd4 Bg4 12. f3 Bh5 13. c3 Ne5 14. a4 Nc4 15. Re1 a6 16. Ra2 Re8 17. Bf4 Qd7 18. Nd2 Bg6 19. Bf1 Rxe1 20. Qxe1 Re8 21. Qf2 Nd6 22. Ra1 Bc2 23. a5 Ba7 24. Be3 Ba4 25. Re1 Qe7 26. Re2 Bd1 27. Re1 Bxd4 28. cxd4 Ba4 29. Bd3 Bb5 30. Bb1 g6 31. Kg2 Nd7 32. Qg1 Nb8 33. Bf2 Qd8 34. Nb3 Nc6 35. Rxe8+ Qxe8 36. Qe1 Qd8 37. Qc3 Nc4 38. Ba2 N6xa5 39. Nxa5 Nxa5 40. g4 Bc4 41. b4 Bxa2 42. bxa5 Bc4 43. Qb4 Qd7 44. Bg3 Kg7 45. Qb6 Qe7 46. Be5+ f6 47. Qc7 Qxc7 48. Bxc7 g5 49. Kg3 Kg6 50. h4 h5 51. Bd8 hxg4 52. fxg4 gxh4+ 53. Kxh4 1/2-1/2

[Event "Guillermo Garcia Memorial-B"]
[Site "Santa Clara"]
[Date "2022.05.03"]
[Round "4"]
[White "Diaz Perez, Michel Alejandro"]
[Black "Garcia Matos, Richard Alejandro"]
[Result "1/2-1/2"]
[WhiteElo "2427"]
[BlackElo "2330"]
[PlyCount "115"]
[EventDate "2022.04.30"]
[EventType "tourn"]
[EventRounds "9"]
[EventCountry "CUB"]
[EventCategory "3"]
[SourceTitle "CBM 208 Extra"]
[Source "ChessBase"]
[SourceDate "2022.07.31"]
[SourceVersion "1"]
[SourceVersionDate "2022.07.31"]
[SourceQuality "1"]

1. e4 c5 2. Nf3 d6 3. d4 Nf6 4. Nc3 cxd4 5. Nxd4 a6 6. Be2 Nbd7 7. Be3 g6 8. g4 h6 9. Qd2 b5 10. a3 Bb7 11. f3 Rc8 12. h4 Nb6 13. h5 g5 14. a4 Nc4 15. Bxc4 bxc4 16. Nde2 e6 17. 0-0-0 Rg8 18. Rhf1 Be7 19. Bd4 Nd7 20. Kb1 Ne5 21. f4 gxf4 22. Qxf4 Bg5 23. Qf2 Qe7 24. Ng3 Bh4 25. Rg1 Rxg4 26. Be3 Qf6 27. Qh2 Rd8 28. Nge2 Nf3 29. Qh3 Nxg1 30. Qxg4 Nxe2 31. Qxe2 Bg5 32. Bb6 Rd7 33. Qxc4 Qf3 34. a5 Qxh5 35. Qa4 Be7 36. Rg1 Bg5 37. Bc7 Qh2 38. Rd1 Ke7 39. Bb8 Qe5 40. Qb4 Bc8 41. Qb6 Bf4 42. Bc7 Be3 43. Qxe3 Rxc7 44. Qxh6 Rc5 45. Qh4+ Qg5 46. Qh8 Qe5 47. Qh4+ Qg5 48. Qf2 Bd7 49. Rg1 Qf6 50. Qd2 Qe5 51. Rg8 Qf6 52. Qe1 Rc8 53. Rxc8 Bxc8 54. Na4 Qd4 55. Nb6 Bb7 56. Qh4+ Qf6 57. Qe1 Qd4 58. Qh4+ 1/2-1/2

[Event "Moncada Cup-B"]
[Site "Santiago de Cuba"]
[Date "2019.03.25"]
[Round "6.1"]
[White "Garcia Matos, Richard Alejandro"]
[Black "Elias Reyes, Jorge Roberto"]
[Result "0-1"]
[WhiteElo "2334"]
[BlackElo "2328"]
[PlyCount "86"]
[EventDate "2019.03.20"]
[EventType "tourn"]
[EventRounds "10"]
[EventCountry "CUB"]
[EventCategory "4"]
[SourceTitle "EXT 2023"]
[Source "ChessBase"]
[SourceDate "2022.10.05"]
[SourceVersion "1"]
[SourceVersionDate "2022.10.05"]
[SourceQuality "1"]

1. Nf3 Nf6 2. c4 e6 3. g3 d5 4. Bg2 Be7 5. 0-0 0-0 6. b3 b6 7. Bb2 Bb7 8. cxd5 Nxd5 9. d4 Nf6 10. Nbd2 Nbd7 11. Re1 c5 12. e4 cxd4 13. e5 Nd5 14. Nxd4 a6 15. a3 Rc8 16. Qg4 Nc5 17. Bf1 b5 18. Rac1 Bg5 19. Rcd1 Be7 20. h4 Qb6 21. h5 f5 22. exf6 Nxf6 23. Qh3 Bd5 24. b4 Nce4 25. Nxe4 Nxe4 26. Rxe4 Bxe4 27. Qg4 Rc2 28. h6 g6 29. Qxe4 Rxb2 30. f4 Bf6 31. Qxe6+ Qxe6 32. Nxe6 Re8 33. Rd6 Kf7 34. Bh3 Rb3 35. Kg2 Rxa3 36. Bg4 a5 37. bxa5 Rxa5 38. Rd7+ Re7 39. Rd6 Ra2+ 40. Kh3 Rea7 41. Rd5 b4 42. Ng5+ Bxg5 43. fxg5 R2a5 0-1

[Event "Migoya Memorial tt"]
[Site "Camaguey"]
[Date "2018.09.23"]
[Round "1.2"]
[White "Garcia Matos, Richard Alejandro"]
[Black "Elias Reyes, Jorge Roberto"]
[Result "1/2-1/2"]
[WhiteElo "2327"]
[BlackElo "2326"]
[PlyCount "34"]
[EventDate "2018.09.20"]
[EventType "team-tourn"]
[EventRounds "10"]
[EventCountry "CUB"]
[SourceTitle "EXT 2021"]
[Source "ChessBase"]
[SourceDate "2020.10.23"]
[SourceVersion "1"]
[SourceVersionDate "2020.10.23"]
[SourceQuality "1"]

1. e4 c5 2. Nf3 d6 3. d4 cxd4 4. Nxd4 Nf6 5. Nc3 a6 6. g3 e6 7. Bg2 Be7 8. 0-0 0-0 9. Be3 Nc6 10. h3 Bd7 11. a4 Nxd4 12. Qxd4 Bc6 13. Rfd1 Qc7 14. Qb6 Qxb6 15. Bxb6 Rfc8 16. Ba5 Nd7 17. Bb4 Nc5 1/2-1/2

[Event "Migoya Memorial tt"]
[Site "Camaguey"]
[Date "2018.09.23"]
[Round "2.3"]
[White "Perez Leiva, Jerzy Jesus"]
[Black "Garcia Matos, Richard Alejandro"]
[Result "1-0"]
[WhiteElo "2308"]
[BlackElo "2327"]
[PlyCount "75"]
[EventDate "2018.09.20"]
[EventType "team-tourn"]
[EventRounds "10"]
[EventCountry "CUB"]
[SourceTitle "EXT 2021"]
[Source "ChessBase"]
[SourceDate "2020.10.23"]
[SourceVersion "1"]
[SourceVersionDate "2020.10.23"]
[SourceQuality "1"]

1. e4 c5 2. Nf3 d6 3. d4 Nf6 4. Nc3 cxd4 5. Nxd4 a6 6. Be2 e6 7. Be3 Qc7 8. g4 b5 9. g5 Nfd7 10. a3 Bb7 11. Qd2 Nc5 12. f3 Nc6 13. h4 Be7 14. Nxc6 Qxc6 15. h5 f6 16. 0-0-0 0-0-0 17. Kb1 d5 18. exd5 exd5 19. Bf1 fxg5 20. Bxg5 Bxg5 21. Qxg5 Qf6 22. Qg3 Bc6 23. Rg1 Rhg8 24. a4 d4 25. Bh3+ Kb7 26. axb5 axb5 27. Ne4 Nxe4 28. fxe4 Bxe4 29. Rde1 Bd5 30. Qd3 Bc6 31. Re6 Qf4 32. Rf1 Qg5 33. Rf7+ Kb6 34. Rf5 Qg1+ 35. Bf1 Kc7 36. Rxc6+ Kxc6 37. Qxb5+ Kd6 38. Qd5+ 1-0

[Event "Guillermo Garcia Memorial-B 26th"]
[Site "Santa Clara"]
[Date "2017.05.19"]
[Round "4"]
[White "Garcia Matos, Richard Alejandro"]
[Black "Cu Hor, Winston Darwin"]
[Result "1-0"]
[WhiteElo "2374"]
[BlackElo "2306"]
[PlyCount "81"]
[EventDate "2017.05.16"]
[EventType "tourn"]
[EventRounds "9"]
[EventCountry "CUB"]
[EventCategory "4"]
[SourceTitle "CBM 178 Extra"]
[Source "ChessBase"]
[SourceDate "2017.06.22"]
[SourceVersion "1"]
[SourceVersionDate "2017.06.22"]
[SourceQuality "1"]

1. e4 c5 2. Nf3 d6 3. d4 Nf6 4. Nc3 cxd4 5. Nxd4 a6 6. h3 e5 7. Nde2 h5 8. g3 Nbd7 9. a4 b6 10. Bg2 Bb7 11. Bg5 Be7 12. h4 0-0 13. 0-0 Rc8 14. Re1 Rc7 15. Nc1 Qa8 16. Nd5 Nxd5 17. exd5 Nf6 18. Bxf6 Bxf6 19. Na2 Rc4 20. c3 a5 21. b3 Rc7 22. Qxh5 Bxd5 23. Bxd5 Qxd5 24. c4 Qd4 25. Qe2 Rd7 26. Rad1 Qc5 27. Nc3 Bd8 28. Qe3 f5 29. Qxc5 bxc5 30. Nb5 f4 31. Kg2 fxg3 32. fxg3 Rdf7 33. Rf1 Rxf1 34. Rxf1 Bf6 35. Nxd6 Rd8 36. Ne4 Be7 37. Rf5 Rd3 38. Rxe5 Kf7 39. Nxc5 Rc3 40. Rd5 g6 41. Kh3 1-0

[Event "Guillermo Garcia Memorial-B 26th"]
[Site "Santa Clara"]
[Date "2017.05.16"]
[Round "1"]
[White "Garcia Matos, Richard Alejandro"]
[Black "Gomez Sanchez, Jorge Marcos"]
[Result "1/2-1/2"]
[WhiteElo "2374"]
[BlackElo "2430"]
[PlyCount "53"]
[EventDate "2017.05.16"]
[EventType "tourn"]
[EventRounds "9"]
[EventCountry "CUB"]
[EventCategory "4"]
[SourceTitle "CBM 178 Extra"]
[Source "ChessBase"]
[SourceDate "2017.06.22"]
[SourceVersion "1"]
[SourceVersionDate "2017.06.22"]
[SourceQuality "1"]

1. e4 c5 2. Nf3 Nc6 3. d4 cxd4 4. Nxd4 Nf6 5. Nc3 d6 6. g3 g6 7. Nde2 Bg7 8. Bg2 0-0 9. 0-0 Be6 10. Nd5 Rc8 11. h3 Na5 12. c3 Bd7 13. Nef4 b5 14. Nxf6+ Bxf6 15. Nd5 Bg7 16. Bg5 Re8 17. Rb1 Nc4 18. Kh2 a5 19. Qe2 h6 20. Bf4 Bc6 21. Rfd1 Qd7 22. b3 Na3 23. Rbc1 Qb7 24. Bd2 g5 25. Qd3 e6 26. Ne3 Rcd8 27. Re1 1/2-1/2

[Event "Villahermosa Jugando op"]
[Site "Villahermosa"]
[Date "2016.10.29"]
[Round "2"]
[White "Tiviakov, Sergei"]
[Black "Garcia Matos, Richard Alejandro"]
[Result "1-0"]
[WhiteElo "2590"]
[BlackElo "2382"]
[PlyCount "91"]
[EventDate "2016.10.28"]
[EventType "swiss"]
[EventRounds "9"]
[EventCountry "MEX"]
[SourceTitle "CBM 175 Extra"]
[Source "ChessBase"]
[SourceDate "2016.12.12"]
[SourceVersion "1"]
[SourceVersionDate "2016.12.12"]
[SourceQuality "1"]

1. e4 c5 2. c3 Nf6 3. e5 Nd5 4. Nf3 Nc6 5. Bc4 Nb6 6. Bb3 c4 7. Bc2 d6 8. exd6 Qxd6 9. 0-0 Bg4 10. Re1 Ne5 11. Rxe5 Bxf3 12. Qe1 Bd5 13. b3 e6 14. Ba3 Qc6 15. Bxf8 Kxf8 16. Rg5 Rd8 17. Na3 f6 18. Rg3 g6 19. bxc4 Nxc4 20. Nxc4 Bxc4 21. d3 Ba6 22. d4 Kf7 23. Qe3 Bc4 24. h4 Qd6 25. h5 g5 26. h6 Rdg8 27. Bb3 Bxb3 28. axb3 a6 29. c4 Qf4 30. Qc3 Rd8 31. Rd1 g4 32. d5 exd5 33. Rd4 Qxh6 34. Rgxg4 Rhe8 35. cxd5 Rc8 36. Rc4 Rxc4 37. Rxc4 Re5 38. Rc7+ Kg6 39. Qd3+ f5 40. Qg3+ Kf6 41. f4 Rxd5 42. Qc3+ Kg6 43. Qe1 Kh5 44. Qe2+ Kh4 45. Qf2+ Kh5 46. Qf3+ 1-0

[Event "Capablanca Memorial op-B 48th"]
[Site "Havana"]
[Date "2013.04.24"]
[Round "4"]
[White "Charon Mustelier, Manuel"]
[Black "Garcia Matos, Richard Alejandro"]
[Result "1/2-1/2"]
[WhiteElo "2159"]
[BlackElo "2253"]
[PlyCount "42"]
[EventDate "2013.04.21"]
[EventType "swiss"]
[EventRounds "9"]
[EventCountry "CUB"]
[SourceTitle "CBM 154 Extra"]
[Source "ChessBase"]
[SourceDate "2013.06.25"]
[SourceVersion "2"]
[SourceVersionDate "2013.06.25"]
[SourceQuality "1"]

1. e4 c5 2. Nf3 d6 3. Bb5+ Nd7 4. c3 Ngf6 5. Qe2 a6 6. Ba4 g6 7. 0-0 Bg7 8. d4 b5 9. Bc2 cxd4 10. cxd4 Nb6 11. Nbd2 0-0 12. Re1 Bb7 13. Nf1 Rc8 14. Ng3 e5 15. dxe5 dxe5 16. Bb3 Qe7 17. Bd2 Nxe4 18. Bc3 Nd7 19. a4 Nb6 20. axb5 axb5 21. Rec1 Rc7 1/2-1/2

[Event "Capablanca Memorial op-B 48th"]
[Site "Havana"]
[Date "2013.04.21"]
[Round "1"]
[White "Garcia Matos, Richard Alejandro"]
[Black "Ben Artiles, Laura"]
[Result "1-0"]
[WhiteElo "2253"]
[BlackElo "2019"]
[PlyCount "69"]
[EventDate "2013.04.21"]
[EventType "swiss"]
[EventRounds "9"]
[EventCountry "CUB"]
[SourceTitle "CBM 154 Extra"]
[Source "ChessBase"]
[SourceDate "2013.06.25"]
[SourceVersion "2"]
[SourceVersionDate "2013.06.25"]
[SourceQuality "1"]

1. Nf3 Nf6 2. c4 g6 3. d4 d5 4. Nc3 Bg7 5. Bg5 Ne4 6. cxd5 Nxg5 7. Nxg5 e6 8. Qd2 exd5 9. Qe3+ Kf8 10. Qf4 Bf6 11. h4 c6 12. 0-0-0 h6 13. Nf3 Be6 14. e3 Nd7 15. Bd3 Qb8 16. Ne2 Kg7 17. h5 b6 18. Kb1 c5 19. hxg6 fxg6 20. Bb5 Qb7 21. Qd6 Bf5+ 22. Ka1 Rad8 23. Nf4 Nb8 24. Ne6+ Bxe6 25. Qxe6 c4 26. Ne5 a6 27. Ba4 Qe7 28. Qxb6 Rd6 29. Qb4 Bxe5 30. dxe5 Qxe5 31. Qb7+ Kf6 32. Rd4 g5 33. Rh3 Qe7 34. Rf3+ Ke6 35. Re4+ 1-0

[Event "Guillermo Garcia Memorial-B 20th"]
[Site "Santa Clara"]
[Date "2011.05.28"]
[Round "7"]
[White "Garcia Matos, Richard Alejandro"]
[Black "Bueno Perez, Jesus Angel"]
[Result "1-0"]
[WhiteElo "2196"]
[BlackElo "2063"]
[PlyCount "80"]
[EventDate "2011.05.23"]
[EventType "tourn"]
[EventRounds "14"]
[EventCountry "CUB"]
[SourceTitle "CBM 142 Extra"]
[Source "ChessBase"]
[SourceDate "2011.06.27"]
[SourceVersion "1"]
[SourceVersionDate "2011.06.27"]
[SourceQuality "1"]

1. Nf3 d5 2. d4 Nf6 3. c4 c6 4. e3 e6 5. Nc3 Nbd7 6. Bd3 Bd6 7. e4 dxe4 8. Nxe4 Nxe4 9. Bxe4 0-0 10. 0-0 e5 11. dxe5 Nxe5 12. Nxe5 Bxe5 13. Bxh7+ Kxh7 14. Qh5+ Kg8 15. Qxe5 Re8 16. Qf4 Re6 17. Be3 Rg6 18. Rfd1 Qe7 19. Kh1 Be6 20. b3 Rg4 21. Qf3 Qh4 22. Rd6 Re8 23. Rad1 Rg6 24. R1d4 Qe7 25. h3 Bd5 26. R6xd5 cxd5 27. Qxd5 b6 28. Qh5 Qb7 29. Rd5 Qe7 30. Qf3 Rf6 31. Qg4 Rg6 32. Qd4 Qf6 33. Qxf6 Rxf6 34. Rd7 a5 35. Rb7 Ree6 36. g3 Rc6 37. Kg2 Rcd6 38. h4 Kh7 39. Bg5 Rfe6 40. Rxf7 Re2 1-0

[Event "Guillermo Garcia Memorial-B 20th"]
[Site "Santa Clara"]
[Date "2011.05.27"]
[Round "6"]
[White "Ramos Galindo, Luis Ernesto"]
[Black "Garcia Matos, Richard Alejandro"]
[Result "0-1"]
[WhiteElo "2158"]
[BlackElo "2196"]
[PlyCount "118"]
[EventDate "2011.05.23"]
[EventType "tourn"]
[EventRounds "14"]
[EventCountry "CUB"]
[SourceTitle "CBM 142 Extra"]
[Source "ChessBase"]
[SourceDate "2011.06.27"]
[SourceVersion "1"]
[SourceVersionDate "2011.06.27"]
[SourceQuality "1"]

1. e4 c5 2. Nf3 d6 3. d4 Nf6 4. Nc3 cxd4 5. Nxd4 a6 6. Bg5 e6 7. f4 Bd7 8. f5 b5 9. fxe6 fxe6 10. a3 Be7 11. Bd3 Qb6 12. Nf3 Ng4 13. Qe2 Bxg5 14. Nxg5 Qe3 15. Nf3 Nc6 16. Nd1 Qxe2+ 17. Bxe2 Ke7 18. Kd2 Rab8 19. Rf1 Rhc8 20. Rc1 a5 21. c4 b4 22. a4 Nge5 23. Ke3 Nxf3 24. gxf3 e5 25. b3 Nd4 26. Rb1 g5 27. Kd3 Rf8 28. Ne3 Bc6 29. Rb2 Rf4 30. Rg1 h6 31. Rg3 Rh4 32. Bd1 Rf8 33. h3 Rhf4 34. Ng2 R4f7 35. Ke3 Bd7 36. h4 Ne6 37. hxg5 hxg5 38. Rd2 Rh7 39. Rd5 Ra8 40. Ne1 Rh4 41. Kd2 Bc6 42. Rd3 Rah8 43. Re3 Rh2+ 44. Rg2 Nf4 45. Rxh2 Rxh2+ 46. Be2 Bd7 47. Nd3 Bh3 48. Nc1 Kd7 49. Kd1 Rh1+ 50. Kc2 Ng2 51. Rd3 Ne1+ 52. Kd2 Nxd3 53. Nxd3 Bf1 54. Nf2 Rh2 55. Ke3 Bxe2 56. Kxe2 Kc6 57. Ke3 Rg2 58. Nd3 Rc2 59. c5 Rc3 0-1

[Event "Guillermo Garcia Memorial-B 20th"]
[Site "Santa Clara"]
[Date "2011.05.26"]
[Round "4"]
[White "Hernandez Rojas, Reinel"]
[Black "Garcia Matos, Richard Alejandro"]
[Result "1-0"]
[WhiteElo "2078"]
[BlackElo "2196"]
[PlyCount "77"]
[EventDate "2011.05.23"]
[EventType "tourn"]
[EventRounds "14"]
[EventCountry "CUB"]
[SourceTitle "CBM 142 Extra"]
[Source "ChessBase"]
[SourceDate "2011.06.27"]
[SourceVersion "1"]
[SourceVersionDate "2011.06.27"]
[SourceQuality "1"]

1. e4 e6 2. d3 d5 3. Nd2 c5 4. Ngf3 Nc6 5. g3 g6 6. Bg2 Bg7 7. 0-0 Nge7 8. Re1 0-0 9. e5 Nf5 10. c3 b6 11. Nf1 h6 12. h4 a5 13. N1h2 Ba6 14. Bf4 Rc8 15. Qd2 Kh7 16. Ng4 Rh8 17. Bh3 d4 18. c4 b5 19. b3 a4 20. Qe2 bxc4 21. bxc4 Nb8 22. Nf6+ Bxf6 23. exf6 Nd7 24. h5 Qxf6 25. Ne5 Rhd8 26. Nxf7 Re8 27. hxg6+ Qxg6 28. Bxf5 exf5 29. Qxe8 Rxe8 30. Rxe8 Qxf7 31. Rae1 Bxc4 32. dxc4 Qxc4 33. R8e7+ Kg6 34. Rxd7 Qxa2 35. Rde7 a3 36. R1e6+ Kh5 37. f3 Qb1+ 38. Kh2 Qc2+ 39. Kh3 1-0